00903nam a2200229 a 4500001001000000003000400010005001700014008004100031040002500072082001900097100003600116245004200152260006500194300002200259500010500281590002600386650003100412650003100443942001300474952016900487999001700656000032311OSt20240412074256.0110714s1939 dr 000 0 spa d aDO-SdBNPbspacBNPHU aRD861.2bM839a1 aMorel, Emilio958333d1884-195810aArmas dominicanas /cEmilio A. Morel. aCiudad Trujillo, República Dominicana :b Montalvo,c1939. a[22] p. ;c23 cm. aPrimer Certamen Literario del Ejército, de 1935 celebra en Ciudad Trujillo, República Dominicana aInventariado, 2019/VM aPoesía dominicana976597 0aLiteratura dominicana.967 2ddccLF1 00102ddc718PDaPDbPDcHDd2011-07-14iLF1l0oRD861.2 M839ap32311-10r2020-06-25w2020-06-25yLFPDzPerteneció a la biblioteca personal de Martínez Boog c31802d31802